LEADER 01131nam a2200253 i 4500 001 000000152423 003 CaOOAMICUS 005 20060807000000.0 008 060807s1929 it u000 u ita u 013 $a129764 040 $aSeMil$bita 100 1 $aSchubert, Hans .$0(OLS)http://semarc/name/59787 245 10$aIstruzione ed educazione alle origini del cristianesimo /$cHans von Schubert ; traduzione di G. Sanna. 260 $aVenezia :$bLa Nuova Italia,$cstampa 1929. 300 $a55 p. ;$c20 cm. 490 0 $aEducatori antichi e moderni ;$v23 650 4$aCristianesimo e educazione.$0(OLS)http://semarc/subject/29757 700 1 $aSanna, Giovanni,$d<1877-1950>.$0(OLS)http://semarc/name/3648 830 0$aEducatori antichi e moderni ;$v23.$0(OLS)http://semarc/title/7224 850 $aSeMil 852 $aSeMil$W1$xVenegono$y1$m2Q I 173$j104382$B104382$CSeMilBibl$Z2$F113701 $81 961 $aLascito: Gogna prof.ssa Silvia 996 $6245$aIstruzione ed educazione alle origini del cristianesimo$9(OLS)http://semarc/title/222867 996 $6260$aVenezia :$bLa Nuova Italia$9(OLS)http://semarc/publisher/34104 LEADER 01406nam a2200289 4500 001 000000338494 003 CaOOAMICUS 005 20191211120714.0 008 191211s1788 it 000 u ita r 026 $anti- erne s.us diTu (3) 1788 (A) 040 $aSeMil$bita 110 11$aDiocesi di Pistoia.$0(OLS)http://semarc/name/110480 245 00$aAtti e decreti del Concilio diocesano di Pistoja dell'anno 1786. 250 $aSeconda edizione 264 1$aIn Firenze :$bAnt. Giuseppe Pagani, e Comp.,$c1788. 300 $aVIII, [2], 255, [1], 143, [1] p., [2] carte di tav. :$bill. ;$cfol. 500 $aAntiporta calcogr. con ritratto di Scipione de' Ricci, vescovo di Pistoia e Prato 500 $aSegn.: *?(-*6) A-2I? ²A-²S? 500 $aStemma vescovile sul front. in cornice xilogr. 650 4$aPistoia - Sinodo <1786>.$0(OLS)http://semarc/subject/9205 700 1 $aRicci, Scipione : de',$d<1741-1809>.$0(OLS)http://semarc/name/109173 700 1 $aPagani, Antonio Giuseppe,$c.$0(OLS)http://semarc/name/6107 850 $aSeMil 852 $aSeMil$W1$xVenegono$y1$m2J VI 83 FA$j217591$B229708$CSeMilBibl$Z2$F229708 $8I 996 $6245$aAtti e decreti del Concilio diocesano di Pistoja dell'anno 1786$9(OLS)http://semarc/title/427331 996 $6264$aIn Firenze :$bAnt. Giuseppe Pagani, e Comp.$9(OLS)http://semarc/publisher/58745